000 01312nam0a2200349 4500
001 RU\NLR\bibl\218596
005 20260406042217.0
010 _a5-7990-0595-3
_94000
021 _aRU
_b2001-36210
_91723
035 _a(NLR Aleph) 000214681
090 _a1246803
_c1246803
100 _a20011217d2001 |||y0rusy50 ca
101 0 _arus
102 _aRU
105 _ay |||||||||
200 1 _aСправочник по жилищному законодательству
_fС. А. Калачева
205 _a[4-е изд., доп. и перераб.]
210 _aМ.
_cПриор
_cПриоритет
_d2001
215 _a317 с.
_d20
606 0 _aЖилищное право
_jСправочники
_yРоссийская Федерация
_92071524
_3RU\NLR\auth\661246295
610 0 _aСделки (юрид.) с недвижимостью
610 0 _aЖилищное право Российской Федерации - Справочники
675 _a347.254(470)(094.9)
_v3
_zrus
686 _a67.404.2
_2rubbk
686 _aХ623.211.33я2
700 1 _4070
_8rus
_7ca
_aКалачева
_bС. А.
_3RU\NLR\auth\772484
_9112494
801 0 _aRU
_bRKP
_c20011217
_gPSBO
801 1 _aRU
_bRKP
_c20011217
801 2 _aRU
_bNLR
_c20020121
_grcr
942 _cBOOK
980 _aNB